[Event "29th Czech Open-Rapid 2018"]
[Site "Pardubice"]
[Date "2018.07.19"]
[Round "4"]
[White "Harsha, Bharathakoti"]
[Black "Zpevak, Pavel"]
[Result "1/2-1/2"]
[WhiteElo "2163"]
[BlackElo "2440"]
[Annotator "TA"]
[PlyCount "125"]
[EventDate "2018.07.18"]
[EventType "swiss"]
[EventCountry "CZE"]
[SourceTitle "playchess.com"]
[Source "ChessBase"]
[SourceQuality "1"]

{[%evp 17,125,0,6,4,3,9,9,2,6,6,13,14,16,-16,-14,-14,-18,-26,-16,-16,-22,-21,-18,-68,-29,-27,7,0,0,-48,-42,-40,-45,-54,-53,-54,0,-46,-27,-23,0,0,0,0,0,0,0,-7,0,0,0,0,0,0,0,0,0,0,0,-26,0,0,0,-41,-41,-41,-41,-41,-41,-41,-41,-41,-34,-34,-34,-34,-34,-34,-34,-34,-34,-41,-41,-41,-34,-34,-26,-26,-26,-26,-26,-34,-26,-27,0,-26,-26,-26,-26,-26,0,-26,0,-34,-34,-34,-34,-46,-46,-46]} 1. e4 c5 2. Nf3 e6 3. g3 Nc6 4. Bg2 Nf6 5. Qe2 d6 6. O-O Be7 7. c3 e5 8. d3 O-O 9. Na3 {C00: Französische Verteidigung (Seltene Züge)} Re8 {LiveBook: 8 Partien} 10. Bg5 $146 ({Vorgänger:} 10. Nc4 h6 11. Nh4 Bf8 12. Nf5 d5 13. Nce3 Be6 14. Rd1 Kh7 15. h3 g6 16. Nh4 Bg7 {1-0 (45) Andriasian,Z (2594)-Alekseev,E (2642) Minsk 2015}) 10... h6 11. Bxf6 {Die Stellung ist ausgeglichen.} Bxf6 12. Nc4 g6 13. Ne3 Bg7 14. Nd2 b5 {[%cal Bb7b5,Bb5b4][%mdl 32]} 15. a4 b4 16. Ndc4 Rb8 17. Qc2 Na5 18. Nxa5 Qxa5 19. h4 Be6 20. h5 bxc3 21. bxc3 Rb3 22. hxg6 fxg6 ({Doch nicht} 22... Rxc3 $6 23. gxf7+ Kxf7 24. Qe2 $14) 23. Rfc1 {[#] Droht Lh3! und aus.} Reb8 24. Nc4 Qa6 25. Bf1 Kh7 26. Qd1 Bf6 (26... R3b7 $15) 27. Be2 Bg5 (27... R3b7 {looks sharper.} 28. Bg4 Bf7 29. Rcb1 Rxb1 30. Rxb1 Rxb1 31. Qxb1 h5) 28. Rcb1 Rxb1 29. Rxb1 Rxb1 30. Qxb1 Qxa4 31. Nxd6 Qb3 32. Qa1 $1 {[%cal Ra1a7]} Qb6 33. Nc4 Bxc4 34. dxc4 h5 35. Kg2 Bd2 36. Bd3 Kh6 37. Bc2 a6 38. Kf1 Qf6 39. Ke2 Bg5 40. Qa5 Qd6 {[#] ...Dd2+ ist eine echte Drohung.} 41. Bd3 h4 42. gxh4 Bxh4 43. Qa1 Qf6 44. Qc1+ Bg5 45. Qh1+ Kg7 46. Qh3 Qf4 47. Qd7+ Kh6 48. Qh3+ Bh4 49. Qe3 Qxe3+ 50. Kxe3 $15 {[%mdl 4096] Endspiel KL-KL} a5 51. Bc2 $1 Kg5 52. Ba4 Kf6 53. Bb5 Bg5+ 54. Ke2 Bc1 55. Kd1 Bg5 56. Be8 Bh4 57. Ke2 Kg5 58. Kf3 Kf6 59. Ke2 Bg5 60. Kf3 Bd2 {Schwarz steht etwas besser.} 61. Kg4 Bxc3 62. f3 Be1 63. Ba4 {Precision: Weiß = 64%, Schwarz = 56%.} 1/2-1/2

[Event "29th Czech Open-Rapid 2018"]
[Site "Pardubice"]
[Date "2018.07.19"]
[Round "4"]
[White "Vokoun, Jan"]
[Black "Harshini, A."]
[Result "0-1"]
[WhiteElo "2155"]
[BlackElo "1747"]
[Annotator "NA"]
[PlyCount "44"]
[EventDate "2018.07.18"]
[EventType "swiss"]
[EventCountry "CZE"]
[SourceTitle "playchess.com"]
[Source "ChessBase"]
[SourceQuality "1"]
[TimeControl "900+10"]

1. Nf3 {[%emt 0:00:00]} Nf6 {[%emt 0:00:00]} 2. d4 {[%emt 0:00:28]} g6 {[%emt 0:00:00]} 3. c3 {[%emt 0:00:09]} Bg7 {[%emt 0:00:00]} 4. Bf4 {[%emt 0:00:04]} d5 {[%emt 0:00:01]} 5. h3 {[%emt 0:00:02]} Nbd7 {[%emt 0:00:09]} 6. Nbd2 {[%emt 0:00:15]} O-O {[%emt 0:00:09]} 7. e3 {[%emt 0:00:01]} c5 {[%emt 0:00:03]} 8. Be2 {[%emt 0:01:25]} b6 {[%emt 0:00:03]} 9. O-O {[%emt 0:00:15]} Bb7 {[%emt 0:00:01]} 10. a4 {[%emt 0:00:01]} Re8 {[%emt 0:00:08]} 11. Bh2 {[%emt 0:00:12]} Ne4 {[%emt 0:00:14]} 12. Nxe4 {[%emt 0:01:02]} dxe4 {[%emt 0:00:02]} 13. Nd2 {[%emt 0:00:01]} e5 {[%emt 0:00:37]} 14. dxe5 {[%emt 0:01:08]} Nxe5 {[%emt 0:00:06]} 15. Bxe5 {[%emt 0:00:08]} Rxe5 {[%emt 0:00:38]} 16. Nc4 {[%emt 0:00:29]} Rd5 {[%emt 0:00:58]} 17. Qb3 {[%emt 0:00:40]} Qh4 {[%emt 0:01:55]} 18. Rfd1 {[%emt 0:01:47]} Rg5 {[%emt 0:05:42]} 19. Bg4 {[%emt 0:02:29]} Bd5 {[%emt 0:03:46]} 20. Rxd5 {[%emt 0:01:26]} Rxd5 {[%emt 0:00:03]} 21. Nxb6 {[%emt 0:00:01]} Rd2 {[%emt 0:00:15]} 22. g3 {[%emt 0:05:33]} Qf6 {[%emt 0:00:01]} 0-1

[Event "29th Czech Open-Rapid 2018"]
[Site "Pardubice"]
[Date "2018.07.19"]
[Round "4"]
[White "Claridge Hansen, William"]
[Black "Kusa, Jakub"]
[Result "1-0"]
[WhiteElo "2146"]
[BlackElo "1781"]
[Annotator "NA"]
[PlyCount "55"]
[EventDate "2018.07.18"]
[EventType "swiss"]
[EventCountry "CZE"]
[SourceTitle "playchess.com"]
[Source "ChessBase"]
[SourceQuality "1"]
[TimeControl "900+10"]

1. c4 {[%emt 0:00:00]} Nf6 {[%emt 0:00:00]} 2. g3 {[%emt 0:00:00]} e6 {[%emt 0:00:00]} 3. Bg2 {[%emt 0:00:02]} d5 {[%emt 0:00:10]} 4. Nf3 {[%emt 0:00:03]} Be7 {[%emt 0:00:06]} 5. O-O {[%emt 0:00:11]} O-O {[%emt 0:00:05]} 6. b3 {[%emt 0:00:04]} c5 {[%emt 0:00:13]} 7. cxd5 {[%emt 0:00:08]} exd5 {[%emt 0:00:14]} 8. d4 {[%emt 0:00:07]} Nc6 {[%emt 0:00:14]} 9. Bb2 {[%emt 0:00:18]} Re8 {[%emt 0:00:48]} 10. Nc3 {[%emt 0:00:18]} b6 {[%emt 0:01:02]} 11. Rc1 {[%emt 0:01:20]} Bb7 {[%emt 0:00:29]} 12. Na4 {[%emt 0:01:17]} cxd4 {[%emt 0:02:06]} 13. Nxd4 {[%emt 0:00:13]} Nxd4 {[%emt 0:00:13]} 14. Qxd4 {[%emt 0:01:01]} Bd6 {[%emt 0:00:57]} 15. e3 {[%emt 0:01:27]} Be5 {[%emt 0:00:21]} 16. Qd2 {[%emt 0:00:25]} Bxb2 {[%emt 0:01:20]} 17. Qxb2 {[%emt 0:00:07]} Qd6 {[%emt 0:00:10]} 18. Rfd1 {[%emt 0:01:29]} Rac8 {[%emt 0:01:07]} 19. Nc3 {[%emt 0:02:15]} Qe5 {[%emt 0:00:34]} 20. Rd4 {[%emt 0:00:35]} h6 {[%emt 0:03:31]} 21. h3 a6 {[%emt 0:03:07]} 22. Qd2 {[%emt 0:02:05]} Rc5 {[%emt 0:00:06]} 23. Rd1 {[%emt 0:00:43]} Rec8 {[%emt 0:00:07]} 24. Nxd5 {[%emt 0:00:46]} Nxd5 {[%emt 0:00:24]} 25. Bxd5 {[%emt 0:00:03]} Rc2 {[%emt 0:00:20]} 26. Qd3 {[%emt 0:00:44]} R8c3 {[%emt 0:00:32]} 27. Bxf7+ {[%emt 0:01:24]} Kxf7 {[%emt 0:00:45]} 28. Rd7+ {[%emt 0:00:01]} 1-0

[Event "29th Czech Open-Rapid 2018"]
[Site "Pardubice"]
[Date "2018.07.19"]
[Round "4"]
[White "Nikologorsky, Matfei"]
[Black "Khmelev, Mikhail"]
[Result "1-0"]
[WhiteElo "2140"]
[BlackElo "1977"]
[Annotator "NA"]
[PlyCount "149"]
[EventDate "2018.07.18"]
[EventType "swiss"]
[EventCountry "CZE"]
[SourceTitle "playchess.com"]
[Source "ChessBase"]
[SourceQuality "1"]
[TimeControl "900+10"]

1. e4 {[%emt 0:00:00]} e6 {[%emt 0:00:00]} 2. d4 {[%emt 0:00:00]} d5 {[%emt 0:00:00]} 3. Nd2 {[%emt 0:00:06]} c5 {[%emt 0:00:12]} 4. Ngf3 {[%emt 0:00:08]} Nc6 $11 {[%emt 0:00:50] LiveBook: 1064 Games} 5. Bb5 {[%emt 0:00:11]} cxd4 {[%emt 0:00:46]} 6. Nxd4 {[%emt 0:00:14]} Bd7 {[%emt 0:00:22]} 7. Nxc6 {[%emt 0:00:04]} bxc6 {[%emt 0:00:01]} 8. Bd3 {[%emt 0:00:02]} Bd6 {[%emt 0:00:06]} 9. Qe2 {[%emt 0:00:11]} Ne7 {[%emt 0:00:45]} 10. Nf3 {[%emt 0:00:22]} Ng6 {[%emt 0:00:10]} 11. e5 {[%emt 0:00:10]} Be7 {[%emt 0:00:28]} 12. O-O {[%emt 0:00:16]} O-O {[%emt 0:00:04]} 13. c4 {[%emt 0:00:18]} Rb8 {[%emt 0:01:49]} 14. g3 {[%emt 0:00:22]} Qb6 {[%emt 0:00:13]} 15. h4 {[%emt 0:00:07]} f6 {[%emt 0:00:21]} 16. exf6 {[%emt 0:01:37]} Bxf6 {[%emt 0:00:03]} 17. Ng5 {[%emt 0:00:09]} Bxg5 {[%emt 0:01:47]} 18. hxg5 {[%emt 0:02:12]} Qd4 {[%emt 0:00:05]} 19. Rd1 {[%emt 0:01:14]} Qb6 {[%emt 0:02:39]} 20. b3 {[%emt 0:00:24]} Rbe8 {[%emt 0:01:33]} 21. Bb2 {[%emt 0:01:01]} e5 {[%emt 0:01:42]} 22. Bxg6 {[%emt 0:00:38]} hxg6 {[%emt 0:00:02]} 23. cxd5 {[%emt 0:00:01]} Bg4 {[%emt 0:00:07]} 24. Qe1 {[%emt 0:01:54]} Bxd1 {[%emt 0:00:06]} 25. Rxd1 {[%emt 0:00:01]} cxd5 {[%emt 0:00:11]} 26. Rxd5 {[%emt 0:00:09]} Rf3 {[%emt 0:00:21]} 27. Kg2 {[%emt 0:01:44]} Ref8 {[%emt 0:00:01]} 28. Rd2 {[%emt 0:00:09]} e4 {[%emt 0:00:13]} 29. Bd4 {[%emt 0:00:08]} Qb7 {[%emt 0:00:32]} 30. Be3 {[%emt 0:00:08]} R3f5 {[%emt 0:00:23]} 31. Qd1 {[%emt 0:00:29]} a5 {[%emt 0:00:21]} 32. Rd7 {[%emt 0:00:18]} Qc6 {[%emt 0:00:08]} 33. Rd6 {[%emt 0:00:42]} Qb7 {[%emt 0:00:17]} 34. Kg1 {[%emt 0:00:15]} Qf7 {[%emt 0:00:06]} 35. Rd7 {[%emt 0:00:08]} Qe6 {[%emt 0:00:21]} 36. Qd4 {[%emt 0:00:50]} R5f7 {[%emt 0:00:28]} 37. Rd6 {[%emt 0:00:07]} Qf5 {[%emt 0:00:34]} 38. Rd5 {[%emt 0:00:52]} Qg4 {[%emt 0:00:12]} 39. Re5 {[%emt 0:00:06]} Qe2 {[%emt 0:00:15]} 40. Rxe4 {[%emt 0:00:23]} Qxa2 {[%emt 0:00:08]} 41. Qd5 {[%emt 0:00:24]} Qa1+ {[%emt 0:00:29]} 42. Kg2 {[%emt 0:00:01]} Qc3 {[%emt 0:00:02]} 43. Re6 {[%emt 0:01:26]} Qc7 {[%emt 0:00:41]} 44. Rxg6 {[%emt 0:00:28]} Rd8 {[%emt 0:00:26]} 45. Qc6 {[%emt 0:00:27]} Qxc6+ {[%emt 0:00:18]} 46. Rxc6 {[%emt 0:00:01]} Rb7 {[%emt 0:00:01]} 47. Ra6 {[%emt 0:01:00]} Rxb3 {[%emt 0:00:13]} 48. Rxa5 {[%emt 0:00:01]} Rb7 {[%emt 0:00:13]} 49. Bf4 {[%emt 0:00:15]} g6 {[%emt 0:00:27]} 50. Ra6 {[%emt 0:00:03]} Kh7 {[%emt 0:00:04]} 51. Kh3 {[%emt 0:00:02]} Re8 {[%emt 0:00:08]} 52. Kg4 {[%emt 0:00:04]} Rf7 {[%emt 0:00:07]} 53. Ra5 {[%emt 0:00:17]} Rfe7 {[%emt 0:00:10]} 54. Bd6 {[%emt 0:00:19]} Rd7 {[%emt 0:00:05]} 55. Ba3 {[%emt 0:00:33]} Rf7 {[%emt 0:00:44]} 56. f4 {[%emt 0:00:02]} Rd7 {[%emt 0:00:02]} 57. Bb2 {[%emt 0:00:06]} Rb7 {[%emt 0:00:09]} 58. Be5 {[%emt 0:00:05]} Rbe7 {[%emt 0:00:01]} 59. Bf6 {[%emt 0:00:22]} Rf7 {[%emt 0:00:16]} 60. Ra1 {[%emt 0:00:01]} Kg8 {[%emt 0:00:22]} 61. Kf3 {[%emt 0:00:37]} Rd7 {[%emt 0:00:33]} 62. Ra3 {[%emt 0:00:05]} Kh7 {[%emt 0:00:13]} 63. g4 {[%emt 0:00:01]} Kg8 {[%emt 0:00:34]} 64. f5 {[%emt 0:00:02]} Kf7 {[%emt 0:00:01]} 65. Kf4 {[%emt 0:00:09]} Rc8 {[%emt 0:00:22]} 66. Rh3 {[%emt 0:00:34]} Rc4+ {[%emt 0:00:18]} 67. Ke3 {[%emt 0:00:01]} gxf5 {[%emt 0:00:10]} 68. gxf5 {[%emt 0:00:07]} Rc6 {[%emt 0:00:05]} 69. Rh7+ Ke8 70. Rh8+ {[%emt 0:00:19]} Kf7 {[%emt 0:00:02]} 71. Be5 {[%emt 0:00:04]} Rc1 {[%emt 0:00:35]} 72. g6+ {[%emt 0:00:16]} Ke7 {[%emt 0:00:01]} 73. f6+ {[%emt 0:00:22]} Ke6 {[%emt 0:00:01]} 74. Re8+ {[%emt 0:00:02]} Kf5 {[%emt 0:00:15]} 75. f7 {[%emt 0:00:03]} 1-0

[Event "29th Czech Open-Rapid 2018"]
[Site "Pardubice"]
[Date "2018.07.19"]
[Round "4"]
[White "Mojzis, Jaroslav"]
[Black "Lalic, Bogdan"]
[Result "0-1"]
[WhiteElo "2135"]
[BlackElo "2504"]
[Annotator "TA"]
[PlyCount "57"]
[EventDate "2018.07.18"]
[EventType "swiss"]
[EventCountry "CZE"]
[SourceTitle "playchess.com"]
[Source "ChessBase"]
[SourceQuality "1"]

{[%evp 27,57,0,-8,-57,-23,-202,-195,-202,-185,-192,-201,-203,-188,-216,-210,-297,-270,-291,-182,-266,-262,-282,-87,-80,156,-277,-284,-331,-326,-658,-642,-1027]} 1. Nf3 c5 2. g3 Nc6 3. Bg2 g6 4. O-O Bg7 5. c4 e5 6. Nc3 Nge7 7. d3 d6 8. Bd2 O-O 9. a3 a5 10. Rb1 h6 11. Ne1 Be6 12. Nc2 d5 {A37: Englische Eröffnung (Symmetrische Variante)} 13. cxd5 Nxd5 14. Ne3 Nde7 {LiveBook: 37 Partien. Die Stellung ist ausgeglichen.} 15. Qc1 $146 ({Vorgänger:} 15. Na4 b6 16. b4 cxb4 17. axb4 b5 18. Nc5 Ba2 19. Rc1 axb4 20. Qe1 {1-0 (55) Cheng,B (2452)-Ganguly,S (2657) Caleta 2017}) 15... Rb8 16. Nc4 $2 (16. Nb5 $11) 16... b5 $19 17. Ne3 Nd4 18. b4 cxb4 19. axb4 Rc8 20. Re1 a4 21. Qb2 (21. Qd1 $142) 21... f5 22. Nc2 Nb3 23. Na3 {[#]} (23. Red1 $142) 23... e4 $1 {[%mdl 512]} 24. Naxb5 (24. dxe4 Nxd2) 24... Qd7 $2 (24... Nd5 $1 $19 {ist viel giftiger.} 25. dxe4 fxe4 26. Bxe4 Qf6) 25. Red1 $17 exd3 $2 {[#]} (25... Nxd2 $17 {und es läuft.} 26. Rxd2 Qc6) 26. exd3 $2 (26. Bxh6 $1 $16 {[%mdl 512] ist erzwungen, um die Oberhand zu behalten.} Bxh6 27. Rxd3) 26... Nd5 $19 27. Bxd5 Bxd5 28. Be1 $2 (28. d4 Bc6 29. Bxh6 Bxh6 30. Nxa4) 28... f4 29. Qe2 {Precision: Weiß = 14%, Schwarz = 39%.} 0-1

[Event "29th Czech Open-Rapid 2018"]
[Site "Pardubice"]
[Date "2018.07.19"]
[Round "4"]
[White "Zlatin, Alexander"]
[Black "Mozharov, Mikhail"]
[Result "1/2-1/2"]
[WhiteElo "2135"]
[BlackElo "2495"]
[Annotator "TA"]
[PlyCount "117"]
[EventDate "2018.07.18"]
[EventType "swiss"]
[EventCountry "CZE"]
[SourceTitle "playchess.com"]
[Source "ChessBase"]
[SourceQuality "1"]

{[%evp 26,117,-4,-8,0,0,0,0,0,-4,0,0,0,0,26,0,0,0,11,0,0,0,0,-10,-5,-20,-10,-14,-16,-20,0,0,0,-9,0,0,0,0,-3,-11,8,-16,-23,-18,-27,-27,-23,-13,0,0,0,0,0,0,0,0,0,0,0,0,0,0,0,0,0,0,0,0,0,0,0,0,0,0,0,0,0,0,0,0,0,0,0,-8,-8,-20,0,0,0,0,0,0,0,0]} 1. e4 {[%cal Be2e4,Be4e5][%mdl 32]} c5 2. c3 Nf6 3. e5 Nd5 4. d4 cxd4 5. Nf3 Nc6 6. cxd4 d6 {[%cal Bd7d6,Bd6e5][%mdl 32]} 7. Bc4 dxe5 8. Bxd5 Qxd5 9. Nc3 Qd6 {B22: Sicilian: 2 c3} 10. d5 Nd4 11. Nxd4 exd4 12. Qxd4 e5 13. Qd3 Bd7 (13... Be7 14. Nb5 Qb6 15. d6 Bd8 16. Be3 Qa5+ 17. Bd2 {½-½ (53) Kosteniuk,A (2557)-Muzychuk,A (2582) Huaian 2017}) 14. O-O {LiveBook: 24 Games} Be7 15. f4 O-O 16. fxe5 Qxe5 17. Bf4 Bc5+ $146 18. Kh1 Qd4 19. Qg3 f6 20. Bd6 Bxd6 21. Qxd6 Rad8 22. Rad1 Qc4 23. Rf4 Qc8 24. Qb4 Rfe8 25. Kg1 Re5 26. Re4 Rxe4 27. Qxe4 Qc5+ (27... b6 {seems wilder.} 28. h3 Re8 29. Qd4 Re5 30. Kh2 h6) 28. Qd4 Qxd4+ 29. Rxd4 $11 {[%mdl 4096] Endgame KRB-KRN} Rc8 30. Kf2 Kf7 31. h3 Ke7 32. Ke3 a6 33. a3 Kd6 34. Rd2 f5 35. Kd4 b5 36. b3 a5 {The position is equal.} 37. Rc2 {[#] Nxb5+! is the strong threat.} Rc7 {Threatens to win with ...b4.} 38. a4 bxa4 39. bxa4 Rb7 $1 {[%cal Rb7b4] next ...Rb4+ is good for Black.} 40. Nb5+ $1 Bxb5 41. axb5 Rxb5 {KR-KR} 42. Rc6+ Kd7 43. Ra6 Rb2 44. Ra7+ Kd6 {Threatening ...Rd2+.} 45. Ra6+ Ke7 46. Ke5 Re2+ 47. Kxf5 Rxg2 48. Rxa5 Kd6 49. Kf4 Rf2+ 50. Kg4 Rd2 51. Ra7 Rg2+ 52. Kf3 Rg1 53. Ra5 Ke5 54. Kf2 Rg6 55. Rb5 h6 56. d6+ Ke6 57. Rb6 {[#] Strongly threatening d7+!} Kd7 58. Rb7+ Kc8 59. Rb6 {Precision: White = 67%, Black = 51%.} 1/2-1/2

[Event "29th Czech Open-Rapid 2018"]
[Site "Pardubice"]
[Date "2018.07.19"]
[Round "4"]
[White "Kutynec, Vladimir"]
[Black "Burdalev, Kirill"]
[Result "0-1"]
[WhiteElo "2134"]
[BlackElo "2383"]
[Annotator "NA"]
[PlyCount "70"]
[EventDate "2018.07.18"]
[EventType "swiss"]
[EventCountry "CZE"]
[SourceTitle "playchess.com"]
[Source "ChessBase"]
[SourceQuality "1"]
[TimeControl "900+10"]

1. Nf3 {[%emt 0:00:00]} Nf6 {[%emt 0:00:04]} 2. c4 {[%emt 0:00:00]} g6 {[%emt 0:00:06]} 3. Nc3 {[%emt 0:00:00]} Bg7 {[%emt 0:00:46]} 4. e4 {[%emt 0:00:00]} O-O {[%emt 0:00:02]} 5. d4 {[%emt 0:00:00]} d6 {[%emt 0:00:14]} 6. Be2 {[%emt 0:00:03]} c5 {[%emt 0:00:02]} 7. d5 {[%emt 0:00:56]} e6 {[%emt 0:00:01]} 8. h3 {[%emt 0:00:04]} exd5 {[%emt 0:00:04]} 9. exd5 {[%emt 0:00:01]} Bf5 {[%emt 0:00:05]} 10. O-O {[%emt 0:00:03]} Ne4 {[%emt 0:00:01]} 11. Bd3 {[%emt 0:00:44]} Nxc3 {[%emt 0:00:33]} 12. bxc3 {[%emt 0:00:02]} Bxd3 {[%emt 0:00:59]} 13. Qxd3 {[%emt 0:00:03]} Nd7 {[%emt 0:00:15]} 14. Rb1 {[%emt 0:00:28]} Nb6 {[%emt 0:00:17]} 15. Re1 {[%emt 0:01:44]} Qd7 {[%emt 0:00:03]} 16. Bf4 {[%emt 0:01:02]} Rfe8 {[%emt 0:00:05]} 17. Ng5 {[%emt 0:01:17]} Rxe1+ {[%emt 0:06:31]} 18. Rxe1 {[%emt 0:00:03]} Rd8 {[%emt 0:00:33]} 19. Ne4 {[%emt 0:00:34]} Re8 {[%emt 0:01:11]} 20. Kf1 {[%emt 0:04:09]} Nc8 {[%emt 0:01:27]} 21. Bg5 {[%emt 0:02:44]} f5 {[%emt 0:01:07]} 22. Nf6+ {[%emt 0:01:01]} Bxf6 {[%emt 0:00:01]} 23. Bxf6 {[%emt 0:00:01]} Rxe1+ {[%emt 0:00:03]} 24. Kxe1 {[%emt 0:00:03]} Kf7 {[%emt 0:00:26]} 25. Bg5 {[%emt 0:00:13]} Qe8+ {[%emt 0:00:01]} 26. Kf1 {[%emt 0:02:04]} Nb6 {[%emt 0:00:01]} 27. Bf4 {[%emt 0:00:29]} Qa4 {[%emt 0:01:17]} 28. Bxd6 {[%emt 0:00:15]} Qxa2 {[%emt 0:01:08]} 29. Bxc5 {[%emt 0:00:10]} Nxc4 {[%emt 0:00:43]} 30. d6 {[%emt 0:00:50]} Qa1+ {[%emt 0:00:22]} 31. Ke2 {[%emt 0:00:06]} Qa2+ {[%emt 0:00:05]} 32. Kf1 {[%emt 0:00:09]} Ne5 {[%emt 0:00:17]} 33. Qb5 {[%emt 0:00:39]} Qd5 {[%emt 0:00:39]} 34. Kg1 {[%emt 0:00:27]} b6 {[%emt 0:00:05]} 35. d7 Qd3 0-1

[Event "29th Czech Open-Rapid 2018"]
[Site "Pardubice"]
[Date "2018.07.19"]
[Round "4"]
[White "Tarakanov, Oleg"]
[Black "Matviishen, Viktor"]
[Result "0-1"]
[WhiteElo "2128"]
[BlackElo "2425"]
[Annotator "NA RC"]
[PlyCount "54"]
[EventDate "2018.07.18"]
[EventType "swiss"]
[EventCountry "CZE"]
[SourceTitle "playchess.com"]
[Source "ChessBase"]
[SourceQuality "1"]
[TimeControl "900+10"]

1. e4 {[%emt 0:00:00]} e5 {[%emt 0:03:19]} 2. Nf3 {[%emt 0:00:00]} Nc6 {[%emt 0:00:03]} 3. d4 {[%emt 0:00:05]} exd4 {[%emt 0:00:02]} 4. c3 {[%emt 0:00:00]} d5 {[%emt 0:00:42]} 5. exd5 {[%emt 0:00:28]} Qxd5 {[%emt 0:00:02]} 6. cxd4 {[%emt 0:00:02]} Bg4 {[%emt 0:00:16]} 7. Be2 {[%emt 0:00:04]} O-O-O {[%emt 0:00:06]} 8. Nc3 {[%emt 0:00:40]} Qa5 {[%emt 0:01:50]} 9. Be3 {[%emt 0:00:43]} Nf6 {[%emt 0:00:38]} 10. O-O {[%emt 0:00:19]} Bb4 {[%emt 0:02:25]} 11. Qb3 {[%emt 0:01:59]} Be6 {[%emt 0:00:16]} 12. Qc2 {[%emt 0:00:29]} Rhe8 {[%emt 0:00:31]} 13. a3 {[%emt 0:00:32]} Bxc3 {[%emt 0:00:02]} 14. bxc3 {[%emt 0:00:11]} Bf5 {[%emt 0:00:59]} 15. Bd3 {[%emt 0:01:10]} Bxd3 {[%emt 0:00:05]} 16. Qxd3 {[%emt 0:00:01]} Ne4 {[%emt 0:01:15]} 17. Rfc1 {[%emt 0:00:51]} g5 {[%emt 0:01:10]} 18. Rab1 {[%emt 0:04:11]} g4 {[%emt 0:00:04]} 19. Nh4 {[%emt 0:01:02]} Qxa3 {[%emt 0:02:00]} 20. Rxb7 {[%emt 0:00:03]} Kxb7 {[%emt 0:00:16]} 21. Qb5+ {[%emt 0:00:01]} Kc8 {[%emt 0:00:02]} 22. Qxc6 {[%emt 0:00:01]} Re6 {[%emt 0:00:26]} 23. Qa8+ {[%emt 0:00:38]} Kd7 {[%emt 0:00:01]} 24. Qd5+ {[%emt 0:00:08]} Ke8 {[%emt 0:01:16]} 25. Qb5+ {[%emt 0:00:18]} c6 {[%emt 0:00:01]} 26. Qh5 {[%emt 0:00:48]} Nf6 {[%emt 0:00:09]} 27. Qg5 {[%emt 0:00:33]} Qxc1+ {[%emt 0:00:03]} 0-1

[Event "29th Czech Open-Rapid 2018"]
[Site "Pardubice"]
[Date "2018.07.19"]
[Round "4"]
[White "Vinklarek, Ondrej"]
[Black "Skoloud, Barnabas"]
[Result "1-0"]
[WhiteElo "2122"]
[BlackElo "1637"]
[Annotator "NA"]
[PlyCount "75"]
[EventDate "2018.07.18"]
[EventType "swiss"]
[EventCountry "CZE"]
[SourceTitle "playchess.com"]
[Source "ChessBase"]
[SourceQuality "1"]
[TimeControl "900+10"]

1. Nf3 {[%emt 0:01:16]} f5 {[%emt 0:00:03]} 2. d3 {[%emt 0:00:02]} d5 {[%emt 0:00:15]} 3. Nbd2 {[%emt 0:01:21]} Nf6 {[%emt 0:00:03]} 4. Ne5 {[%emt 0:01:18]} e6 {[%emt 0:00:20]} 5. f4 {[%emt 0:00:26]} d4 {[%emt 0:00:32]} 6. Ndf3 {[%emt 0:00:40]} Bb4+ {[%emt 0:00:46]} 7. Bd2 {[%emt 0:01:34]} Bxd2+ {[%emt 0:00:38]} 8. Qxd2 {[%emt 0:00:01]} c5 {[%emt 0:01:08]} 9. e3 {[%emt 0:01:58]} Nc6 {[%emt 0:00:15]} 10. Nxc6 {[%emt 0:00:42]} bxc6 {[%emt 0:00:01]} 11. exd4 {[%emt 0:01:09]} cxd4 {[%emt 0:00:17]} 12. Qb4 {[%emt 0:00:03]} Nd5 {[%emt 0:00:39]} 13. Qxd4 {[%emt 0:00:24]} O-O {[%emt 0:00:02]} 14. g3 {[%emt 0:01:04]} Rb8 {[%emt 0:00:45]} 15. Bg2 {[%emt 0:03:27]} Qa5+ {[%emt 0:00:01]} 16. Nd2 {[%emt 0:00:38]} c5 {[%emt 0:00:01]} 17. Qe5 {[%emt 0:00:12]} Nb4 {[%emt 0:00:20]} 18. Qc3 {[%emt 0:00:26]} Qa4 {[%emt 0:01:26]} 19. b3 {[%emt 0:00:11]} Qa5 {[%emt 0:00:49]} 20. a3 {[%emt 0:00:27]} Nxd3+ {[%emt 0:00:42]} 21. Qxd3 {[%emt 0:00:09]} Ba6 {[%emt 0:00:02]} 22. Qe3 {[%emt 0:00:26]} Rbd8 {[%emt 0:00:35]} 23. Rd1 {[%emt 0:00:04]} Rd6 {[%emt 0:00:41]} 24. Kf2 {[%emt 0:00:20]} Rfd8 {[%emt 0:00:03]} 25. Nc4 {[%emt 0:00:05]} Bxc4 {[%emt 0:00:06]} 26. Rxd6 {[%emt 0:00:05]} Rxd6 {[%emt 0:00:02]} 27. bxc4 {[%emt 0:00:19]} Rd2+ {[%emt 0:00:34]} 28. Kf3 {[%emt 0:00:05]} Qd8 {[%emt 0:00:02]} 29. Qxe6+ {[%emt 0:00:07]} Kh8 {[%emt 0:00:02]} 30. Qxf5 {[%emt 0:00:41]} h6 {[%emt 0:00:25]} 31. Re1 {[%emt 0:00:03]} Rd4 {[%emt 0:00:53]} 32. Re2 {[%emt 0:00:13]} Rxc4 {[%emt 0:00:12]} 33. Qe6 {[%emt 0:00:07]} Rc3+ {[%emt 0:00:10]} 34. Kg4 {[%emt 0:00:11]} Qd1 {[%emt 0:00:39]} 35. Qe8+ {[%emt 0:00:15]} Kh7 {[%emt 0:00:01]} 36. Bf3 {[%emt 0:00:14]} h5+ {[%emt 0:00:01]} 37. Qxh5+ {[%emt 0:00:06]} Kg8 {[%emt 0:00:02]} 38. Re8# {[%emt 0:00:01]} 1-0